000 02025nam a2200313 i 4500
003 EG-GICUC
005 20260425101041.0
008 260425s2014 ua |||fr|||| 00| 0 ara d
040 _a EG-GICUC
_bara
_c EG-GICUC
_d EG-GICUC
_erda
041 0 _aAra
082 0 4 _221
_a343.33
_bإ ب . ش
092 0 4 _221
099 _aLaw1 10 343.33 إ ب . ش 2014
100 0 _aإبراهيم عبدالخالق
_eمؤلف.
245 1 2 _aالشامل فى الدعاوى الجنائية :
_bشرح عملي لكافة الدعاوى الجنائية المهمة والعملية في ضوء أراء الفقه والقضاء والتعليمات العامة للنيابات مع إلقاء الضوء على القيد والوصف الخاص بكل دعوى والدفوع الخاصة بها مع نماذج من صيغ الجنح المباشرة.
_nالمجلد الأول،
_pالتزييف والتزوير : جرائم التقليد : تقليد الأختام والتمفات والعلامات التزوير في المحررات - صور مخففة من التزوير : الطعن بالتزوير وإجراءاته جريمة السرقة والشروع فيها : أركانها وعقوبتها والظروف المشددة لها السرقات بين الأزواج والأصول والفروع - النصب والإحتيال والجرائم الملحقة بهما /
_cالمستشار إبراهيم عبدالخالق.
250 _aالطبعة الثالثة
264 1 _aالقاهرة :
_bدار شادى،
_c2014.
300 _a424 ؛صفحة
_c24 سم.
336 _2rda content
_atext
337 _2rda media
_aComputer
338 _2rda carrier
_aOnline Resource
546 _aالنص باللغة العربية
650 1 _aالدعوى الجنائية = الدعوى العمومية
_2qrmak
650 1 _aالقانون الجنائى
_2qrmak
651 1 _2qrmak
856 4 0 _uhttps://fll.law.cu.edu.eg/fulltext/bks/B10-10742.pdf
905 _a54
942 _2ddc
_cBK
_e21
_n0
999 _c73314
_d73314